000 00406nam a22001697a 4500
020 _a978-81-8204-083-0
082 _a647.01
_bGUP
100 _aGUPTA,S.K AND AGGRAWAL
245 _aTOURISM & HOSPITALITY INDUSTRY
250 _a1ST
260 _aDELHI
_bAMAN
_c2014
300 _a610
650 _aTOURISM & HOTEL MANAGEMENT
653 _aTOURISM , HOTEL MANAGEMENT
700 _aBOOK
942 _2ddc
_cBK
999 _c8016
_d8016